000 01363pam a2200325 i 4500
001 4137831
003 NUST-PNEC
005 20170116180716.0
008 770121s1977 nyua b 001 0 eng
010 _a 77000793
020 _a0070231494
040 _cPNEC
050 0 0 _aTK7825
_b.L3 1977
082 0 0 _a621.3810 GIA
100 _9698
_aGiacoletto, L. J.
245 0 0 _aElectronics designers' handbook.
250 _a2d ed. /
_bcompletely rev. and edited by L. J. Giacoletto.
260 _aNew York :
_bMcGraw-Hill,
_cc1977.
300 _aviii, 2300 p. in various pagings :
_bill. ;
_c24 cm.
500 _aIncludes Index http://www.amazon.com/Electronics-Designers-Handbook-L-Giacoletto/dp/0070231494/ref=sr_1_1?s=books&ie=UTF8&qid=1413789967&sr=1-1&keywords=0070231494
500 _aFirst ed. by R. W. Landee, D. C. Davis, and A. P. Albrecht published in 1957.
504 _aIncludes bibliographical references and index.
650 0 _aElectronics
_xHandbooks, manuals, etc.
650 0 _aElectronic apparatus and appliances
_xDesign and construction
_xHandbooks, manuals, etc.
_xEL
650 0 _aElectronic circuit design
_xHandbooks, manuals, etc.
700 1 _aGiacoletto, Lawrence Joseph,
_d1916-
700 1 _aLandee, Robert W.
_tElectronics designers' handbook.
906 _a7
_bcbc
_corignew
_d1
_eocip
_f19
_gy-gencatlg
942 _2ddc
_cBK
999 _c61164
_d61164